000 00691nam a22002297a 4500
001 31195
003 UA-OsUOA
005 20210917193245.0
007 ta
008 20041207b un ||||| |||| 00| 0 ukr d
040 _aUA-OsUOA
_brus
_cUA-OsUOA
_dUA-OsUOA
041 _arus
044 _aRU
080 _a82(091)
090 _a82(091)
_bИ90
245 _aИстория русской советской литературы (40-70-е годы)
_bучебное пособие для студентов педадогических институтов
260 _aМосква
_bПросвещение
_c1980
300 _a497 с.
650 7 _2UDC
942 _cBK
_2udc
955 _a0
999 _c317617
_d317617